000 01770nam a22002417a 4500
003 DO-SdBJH
005 20240828170834.0
008 240828b |||||||| |||| 00| 0 spa d
040 _aDO-SdBJH
_bspa
_cDO-SdBJH
090 _aTG ANGM
_b02114 2022
100 1 _aTorres Hiciano, Jhairali
_esustentante
245 1 0 _aImpacto y contribuciones de las Tecnologías de la Información y la Comunicación (TIC) en los planes de estudios de la Academia Naval Vicealmirante César Augusto De Windt Lavandier durante la Pandemia del Covid-19 /
_c Jhairali Torres Hiciano, Yaniris Cristina Cabral Marte, asesores Manuel Virgilio Feliz Ledesma, Bienvenido Marte Mena
260 _aSanto Domingo Este :
_bINSUDE,
_c2022
300 _axviii, 68 páginas, gráficos
502 _aTrabajo de grado (Licenciado en Ciencias Navales). -- Instituto Superior para la Defensa (INSUDE). Academia Naval Marina de Guerra “Vicealmirante Cesar D’Windt Lavandier”, 2022
504 _aIncluye referencias bibliográficas e índices
505 _aUso de las TIC para el desarrollo de las clases virtuales en la Academia Naval en tiempos de Pandemia. -- Estudios sobre el uso de las TIC para el desarrollo de las clases virtuales en tiempo de la Pandemia del COVID-19 en la Academia Naval. -- El impacto y las contribuciones de las TIC en los planes de estudios de la Academia Naval Vicealmirante César Augusto de Windt Lavandier, ARD, Durante la Pandemia del COVID-19
700 1 _aCabral Marte, Yaniris Cristina
_esustentante
700 1 _aFeliz Ledesma, Manuel Virgilio
_easesor
700 1 _aMarte Mena, Bienvenido
_easesor
830 _aINSUDE. Academia Naval Marina de Guerra “Vicealmirante Cesar D’Windt Lavandier”. Tesis y disertaciones académicas
942 _2CL
_cT
999 _c7827
_d7827